[Event "POR-ch U18"]
[Site "Luso"]
[Date "2018.03.27"]
[Round "5"]
[White "Sousa, Hugo Carneiro"]
[Black "Dolores, Barbara Daniela Aze"]
[Result "1-0"]
[WhiteElo "1916"]
[BlackElo "1591"]
[PlyCount "143"]
[EventDate "2018.03.24"]
[EventType "swiss"]
[EventRounds "7"]
[EventCountry "POR"]
[SourceTitle "EXT 2019"]
[Source "ChessBase"]
[SourceDate "2018.10.10"]
[SourceVersion "1"]
[SourceVersionDate "2018.10.10"]
[SourceQuality "1"]

1. e4 c5 2. c3 Nc6 3. d4 cxd4 4. cxd4 d6 5. Nf3 Nf6 6. Nc3 e6 7. Be2 g6 8. 0-0 Bg7 9. h3 0-0 10. Be3 a6 11. Qd2 Bd7 12. Rfd1 e5 13. d5 Ne7 14. Rdc1 Rc8 15. Ne1 Ne8 16. a4 f5 17. f3 Nf6 18. a5 Qe8 19. Bd3 fxe4 20. fxe4 Nh5 21. Ne2 Qf7 22. Nc2 Kh8 23. Rf1 Qg8 24. Na3 Rxf1+ 25. Rxf1 Rf8 26. Rxf8 Qxf8 27. b4 h6 28. b5 axb5 29. Bxb5 Bxb5 30. Nxb5 Nc8 31. Nc7 Qe7 32. Ne6 g5 33. Qb4 Nf4 34. Bxf4 gxf4 35. Qc3 Na7 36. Qb4 Qd7 37. Qb6 Nc8 38. Qd8+ Qxd8 39. Nxd8 b6 40. axb6 Nxb6 41. Nf7+ Kg8 42. Nxd6 Bf8 43. Nb5 Nc4 44. Nec3 Kf7 45. g3 fxg3 46. Kg2 Kg6 47. Kxg3 h5 48. Nc7 Nd2 49. N7b5 Nc4 50. Nd1 Nd2 51. Nf2 Nc4 52. Nd3 Kh6 53. Nc3 Nd2 54. Kf2 Nc4 55. Na4 Kg5 56. Kg3 h4+ 57. Kf3 Be7 58. Nac5 Bxc5 59. Nxc5 Nd6 60. Nd3 Kf6 61. Nf2 Kg5 62. Ke3 Nc4+ 63. Kf3 Nd6 64. Nd1 Nc4 65. Nc3 Nd6 66. Ke3 Nc4+ 67. Kd3 Nd6 68. Ne2 Kh5 69. Ng1 Nf7 70. Nf3 Kh6 71. Nxh4 Kh5 72. Nf5 1-0

[Event "POR-ch U18"]
[Site "Luso"]
[Date "2017.04.12"]
[Round "7"]
[White "Dolores, Barbara Daniela Aze"]
[Black "Real, Filipe Miguel"]
[Result "1-0"]
[WhiteElo "1506"]
[BlackElo "1333"]
[PlyCount "89"]
[EventDate "2017.04.08"]
[EventType "swiss"]
[EventRounds "7"]
[EventCountry "POR"]
[SourceTitle "EXT 2018"]
[Source "ChessBase"]
[SourceDate "2017.10.13"]
[SourceVersion "1"]
[SourceVersionDate "2017.10.13"]
[SourceQuality "1"]

1. d4 d5 2. c4 e6 3. Nc3 Nf6 4. Bg5 Bb4 5. a3 Bxc3+ 6. bxc3 Nbd7 7. e3 0-0 8. Nf3 c6 9. Bd3 Qa5 10. Qc2 Ne4 11. Be7 Qxc3+ 12. Qxc3 Nxc3 13. Bxf8 Nxf8 14. 0-0 dxc4 15. Bxc4 Ne4 16. Rfc1 h6 17. Rab1 Nd7 18. h3 Nef6 19. Bd3 Nd5 20. Nd2 N7b6 21. Nc4 Nxc4 22. Rxc4 Nb6 23. Rcb4 Nd5 24. R4b3 b5 25. Be4 Ne7 26. Rxb5 cxb5 27. Bxa8 a6 28. Be4 f5 29. Bf3 Kf7 30. Rc1 Kf6 31. d5 exd5 32. Bxd5 Nxd5 33. Rxc8 a5 34. Rc5 Ke6 35. Rxb5 Nc3 36. Rxa5 f4 37. exf4 Ne2+ 38. Kh2 Nxf4 39. a4 Nd3 40. Ra7 g6 41. f3 Ne5 42. a5 h5 43. a6 Kd6 44. Rg7 Nc4 45. a7 1-0

[Event "POR-ch U18"]
[Site "Luso"]
[Date "2017.04.11"]
[Round "5"]
[White "Dolores, Barbara Daniela Aze"]
[Black "Santos, Rita Alexandra"]
[Result "1-0"]
[WhiteElo "1506"]
[BlackElo "1619"]
[PlyCount "121"]
[EventDate "2017.04.08"]
[EventType "swiss"]
[EventRounds "7"]
[EventCountry "POR"]
[SourceTitle "EXT 2018"]
[Source "ChessBase"]
[SourceDate "2017.10.13"]
[SourceVersion "1"]
[SourceVersionDate "2017.10.13"]
[SourceQuality "1"]

1. d4 d5 2. c4 e5 3. dxe5 d4 4. e3 Nc6 5. a3 Nge7 6. Nf3 Bg4 7. Be2 d3 8. Qxd3 Qxd3 9. Bxd3 Bxf3 10. gxf3 Nxe5 11. Be2 Rd8 12. Nc3 c6 13. e4 N7g6 14. Be3 Nh4 15. f4 Nef3+ 16. Bxf3 Nxf3+ 17. Ke2 Nd4+ 18. Bxd4 Rxd4 19. b3 g6 20. Rhd1 Bg7 21. Rxd4 Bxd4 22. Rc1 Ke7 23. f3 Ke6 24. Nb1 f6 25. Rd1 c5 26. b4 b6 27. Rd3 g5 28. f5+ Ke5 29. bxc5 bxc5 30. Rb3 Bg1 31. h3 h5 32. Kf1 Bd4 33. Nd2 Kf4 34. Kg2 Rg8 35. Kh2 Rg7 36. a4 Rd7 37. Kg2 Rd6 38. Rd3 Ke5 39. Nb3 Rc6 40. a5 Rc7 41. Kg3 h4+ 42. Kg4 Rc6 43. a6 Rd6 44. Rd1 Be3 45. Rd5+ Rxd5 46. exd5 Kd6 47. Kh5 Bf4 48. Kg6 Be5 49. Nd2 Bd4 50. Ne4+ Ke5 51. d6 Kf4 52. d7 Kxf3 53. Nd2+ Kg2 54. d8Q g4 55. hxg4 h3 56. Qd5+ Kg3 57. Qf3+ Kh4 58. Ne4 Be5 59. Qf2+ Kxg4 60. Nxf6+ Bxf6 61. Kxf6 1-0

[Event "POR-ch U16"]
[Site "Luso"]
[Date "2016.07.23"]
[Round "6"]
[White "Dolores, Barbara Daniela Aze"]
[Black "Sa, Luis Afonso"]
[Result "0-1"]
[WhiteElo "1439"]
[BlackElo "1511"]
[PlyCount "200"]
[EventDate "2016.07.20"]
[EventType "swiss"]
[EventRounds "7"]
[EventCountry "POR"]
[SourceTitle "EXT 2018"]
[Source "ChessBase"]
[SourceDate "2017.10.13"]
[SourceVersion "1"]
[SourceVersionDate "2017.10.13"]
[SourceQuality "1"]

1. d4 Nf6 2. c4 g6 3. Nc3 d5 4. Bg5 Ne4 5. Nxe4 dxe4 6. e3 Bg7 7. Qc2 h6 8. Bh4 c6 9. h3 g5 10. Bg3 Qa5+ 11. Qc3 Qxc3+ 12. bxc3 Nd7 13. Be2 0-0 14. f3 Nf6 15. Be5 Bf5 16. g4 Bg6 17. f4 gxf4 18. Bxf4 Nd7 19. Rb1 b6 20. Bd1 e5 21. Bh2 f5 22. gxf5 Bxf5 23. Ba4 exd4 24. Bxc6 Rac8 25. Bd5+ Kh8 26. cxd4 Rf6 27. Ne2 Bxh3 28. Bxe4 Re6 29. Bb7 Rce8 30. Bf4 Bf5 31. Rd1 Be4 32. Bxe4 Rxe4 33. Ng3 Rxf4 34. Kd2 Rf2+ 35. Kd3 Rxa2 36. Nf5 Kh7 37. Rdf1 Ra3+ 38. Kd2 Nf6 39. Kc2 Ne4 40. Rhg1 Bf6 41. Nd6 Nxd6 42. Rxf6 Ne4 43. Rf7+ Kh8 44. Rgg7 Ng5 45. Rxa7 Rxa7 46. Rxa7 Rxe3 47. c5 bxc5 48. dxc5 Ne4 49. Ra6 Kg7 50. c6 Rc3+ 51. Kb2 Rc5 52. Ra7+ Kg6 53. c7 h5 54. Ra6+ Kg5 55. Ra5 Rxa5 56. c8Q Rb5+ 57. Ka3 Rf5 58. Qc1+ Kg4 59. Qg1+ Ng3 60. Qd4+ Rf4 61. Qd7+ Nf5 62. Qd1+ Rf3+ 63. Ka2 h4 64. Qg1+ Rg3 65. Qd1+ Rf3 66. Qg1+ Ng3 67. Qd4+ Kh3 68. Qh8 Rf4 69. Qe5 Rf2+ 70. Ka3 Kg2 71. Qd5+ Rf3+ 72. Ka4 h3 73. Qd2+ Rf2 74. Qd5+ Kg1 75. Qd1+ Kh2 76. Qd6 Rg2 77. Qd1 Ne2 78. Qd7 Kh1 79. Qd1+ Ng1 80. Qc1 h2 81. Ka5 Rf2 82. Qd1 Rf4 83. Qd2 Nh3 84. Qd1+ Kg2 85. Qe2+ Nf2 86. Qe5 Rg4 87. Qd5+ Kg1 88. Qb3 h1Q 89. Qb1+ Kg2 90. Qb7+ Ne4 91. Qb2+ Kg3 92. Qb8+ Rf4 93. Qg8+ Kh2 94. Qh7+ Kg1 95. Qa7+ Rf2 96. Qg7+ Qg2 97. Qa1+ Rf1 98. Qd4+ Nf2 99. Qe5 Qa8+ 100. Kb4 Nd3+ 0-1

[Event "POR-ch U16"]
[Site "Luso"]
[Date "2015.07.25"]
[Round "6"]
[White "Dolores, Barbara Daniela Aze"]
[Black "Gomes, Tiago"]
[Result "1-0"]
[WhiteElo "1333"]
[BlackElo "1159"]
[PlyCount "59"]
[EventDate "2015.07.22"]
[EventType "swiss"]
[EventRounds "7"]
[EventCountry "POR"]
[SourceTitle "EXT 2018"]
[Source "ChessBase"]
[SourceDate "2017.10.13"]
[SourceVersion "1"]
[SourceVersionDate "2017.10.13"]
[SourceQuality "1"]

1. d4 d5 2. c4 dxc4 3. e4 b6 4. Bxc4 Bb7 5. Nc3 Nf6 6. f3 e6 7. Bg5 Be7 8. Nge2 h6 9. Bh4 0-0 10. 0-0 Re8 11. Bf2 Nbd7 12. Rc1 Nf8 13. Bd3 Qd7 14. Nb5 c6 15. Nbc3 Red8 16. Qd2 e5 17. Rfd1 exd4 18. Bxd4 Ne6 19. Be3 Bc5 20. e5 Ne8 21. Kh1 N8c7 22. Na4 Bxe3 23. Qxe3 b5 24. Bh7+ Kxh7 25. Rxd7 Rxd7 26. Nc5 Nd5 27. Qe4+ f5 28. exf6+ Kg8 29. Qxe6+ Kf8 30. Nxd7# 1-0

[Event "POR-ch U16"]
[Site "Luso"]
[Date "2015.07.25"]
[Round "5"]
[White "Dolores, Barbara Daniela Aze"]
[Black "Sousa, Joao Filipe Viana D"]
[Result "0-1"]
[WhiteElo "1333"]
[BlackElo "1554"]
[PlyCount "110"]
[EventDate "2015.07.22"]
[EventType "swiss"]
[EventRounds "7"]
[EventCountry "POR"]
[SourceTitle "EXT 2018"]
[Source "ChessBase"]
[SourceDate "2017.10.13"]
[SourceVersion "1"]
[SourceVersionDate "2017.10.13"]
[SourceQuality "1"]

1. d4 Nf6 2. c4 g6 3. Nc3 d5 4. Bg5 Bg7 5. Nf3 0-0 6. e3 Bf5 7. Bd3 Bxd3 8. Qxd3 c6 9. 0-0 Nbd7 10. Rac1 Rc8 11. Rc2 Nb6 12. b3 dxc4 13. bxc4 c5 14. d5 Qc7 15. Rd1 Rfd8 16. Bf4 Qd7 17. Ne5 Qe8 18. h3 Nfd7 19. Nf3 Nf6 20. Rb1 Nh5 21. Bh2 f5 22. Nb5 e5 23. e4 f4 24. Nxa7 Ra8 25. Rxb6 Rxa7 26. Rcb2 Rda8 27. Qc2 Qd7 28. Ng5 h6 29. Ne6 Qe7 30. Nxg7 Qxg7 31. f3 g5 32. Qf2 Nf6 33. Re6 Nd7 34. d6 b6 35. Qd2 Qf7 36. Re7 Qxc4 37. Rc2 Rxa2 38. Rxa2 Rxa2 39. Qd5+ Qxd5 40. exd5 Ra7 41. Kf1 Rb7 42. Bg1 b5 43. Ke2 c4 44. Kd1 b4 45. Re8+ Kf7 46. Rc8 c3 47. Rc7 Rb5 48. Rxd7+ Ke8 49. Rc7 Rxd5+ 50. Kc2 Rxd6 51. Kb3 Kd8 52. Rc5 Rd2 53. Kxb4 c2 54. Kb3 Rxg2 55. Rxc2 Rxg1 0-1

[Event "POR-ch U16"]
[Site "Luso"]
[Date "2015.07.23"]
[Round "3"]
[White "Santos, Pedro Andre Simoes"]
[Black "Dolores, Barbara Daniela Aze"]
[Result "1-0"]
[WhiteElo "1500"]
[BlackElo "1333"]
[PlyCount "165"]
[EventDate "2015.07.22"]
[EventType "swiss"]
[EventRounds "7"]
[EventCountry "POR"]
[SourceTitle "EXT 2018"]
[Source "ChessBase"]
[SourceDate "2017.10.13"]
[SourceVersion "1"]
[SourceVersionDate "2017.10.13"]
[SourceQuality "1"]

1. e4 e5 2. Nf3 Nc6 3. d4 Nxd4 4. Nxd4 exd4 5. Qxd4 c5 6. Qe5+ Qe7 7. Qxe7+ Bxe7 8. Bc4 d6 9. Bf4 Nf6 10. Nc3 0-0 11. Nd5 Nxd5 12. Bxd5 Be6 13. Bxe6 fxe6 14. Bg3 Rf7 15. Rd1 e5 16. 0-0 Raf8 17. f3 b5 18. Rd5 a6 19. a3 g5 20. h3 h5 21. Rdd1 Kh7 22. Bf2 h4 23. Be3 Kg6 24. c3 Rf6 25. b3 Rb8 26. b4 cxb4 27. cxb4 Rc8 28. Rc1 Rff8 29. Kf2 Kh5 30. Rfd1 Kg6 31. Bb6 Kh5 32. Rc7 Bd8 33. Rb7 Rc3 34. Ra1 Rc6 35. Bxd8 Rxd8 36. a4 bxa4 37. Rxa4 Rdc8 38. Ra2 Rc2+ 39. Rxc2 Rxc2+ 40. Kg1 Rc6 41. Rb8 Kg6 42. Kf2 Kf6 43. Rb7 Ke6 44. Ke2 Rc2+ 45. Kf1 Rc6 46. b5 axb5 47. Rxb5 Rc5 48. Rb4 Rc2 49. Kg1 Kf7 50. Rb7+ Ke6 51. Rb8 Ke7 52. Rh8 Kf7 53. Rd8 Ke7 54. Rb8 Kf7 55. Rb1 Ke6 56. Rf1 Kf6 57. Rf2 Rc1+ 58. Kh2 Rc3 59. g3 hxg3+ 60. Kxg3 Kg6 61. Rd2 Rc6 62. Kg4 Kf6 63. Kh5 Ra6 64. Rg2 Ra3 65. Rxg5 Rxf3 66. Rg6+ Ke7 67. h4 Rf4 68. Rg4 Rf6 69. Kg5 Kf7 70. h5 Kg7 71. Kh4+ Kh7 72. Rg3 Kh6 73. Rg4 Kh7 74. Kg5 Kg7 75. Rh4 Rh6 76. Rh2 Kh7 77. Rf2 Re6 78. Rf6 Re7 79. Rxd6 Kg7 80. Rg6+ Kh7 81. Kf5 Re8 82. Re6 Rxe6 83. Kxe6 1-0

[Event "POR-ch U14"]
[Site "Luso"]
[Date "2014.07.26"]
[Round "6"]
[White "Paiva, Simao Calheiros De"]
[Black "Dolores, Barbara Daniela Aze"]
[Result "0-1"]
[WhiteElo "1365"]
[BlackElo "1290"]
[PlyCount "90"]
[EventDate "2014.07.23"]
[EventType "swiss"]
[EventRounds "7"]
[EventCountry "POR"]
[SourceTitle "EXT 2015"]
[Source "ChessBase"]
[SourceDate "2014.11.20"]
[SourceVersion "1"]
[SourceVersionDate "2014.11.20"]
[SourceQuality "1"]

1. d4 d5 2. c4 c6 3. Nc3 Nf6 4. Bg5 h6 5. Bxf6 gxf6 6. e3 Bf5 7. Nf3 e6 8. a3 Nd7 9. Bd3 Bxd3 10. Qxd3 e5 11. Qf5 e4 12. Nd2 Nb6 13. c5 Nd7 14. 0-0 Qc7 15. f3 exf3 16. Rxf3 0-0-0 17. b4 Kb8 18. a4 Be7 19. Nb3 Rhg8 20. b5 Rg5 21. Qh7 Rdg8 22. g3 h5 23. Rf4 R8g7 24. Qc2 h4 25. Rxh4 Rxg3+ 26. hxg3 Qxg3+ 27. Kf1 Qxh4 28. bxc6 Qh1+ 29. Ke2 Rg2+ 30. Kd3 Qh7+ 31. e4 Rxc2 32. Kxc2 bxc6 33. Na5 Qh2+ 34. Kd3 Qg3+ 35. Kd2 Qf2+ 36. Ne2 Nb6 37. cxb6 Bb4+ 38. Kd3 Qf3+ 39. Kc2 Qxe2+ 40. Kb3 Bxa5 41. bxa7+ Kxa7 42. exd5 Qd3+ 43. Ka2 Qc2+ 44. Ka3 Bc3 45. d6 Qb2# 0-1

[Event "POR-ch U14"]
[Site "Braga"]
[Date "2013.08.05"]
[Round "5.9"]
[White "Dolores, Barbara Daniela Aze"]
[Black "Santos, Rita Alexandra"]
[Result "0-1"]
[WhiteElo "1226"]
[BlackElo "1545"]
[PlyCount "119"]
[EventDate "2013.08.02"]
[EventType "swiss"]
[EventRounds "7"]
[EventCountry "POR"]
[SourceTitle "EXT 2015"]
[Source "ChessBase"]
[SourceDate "2014.11.20"]
[SourceVersion "1"]
[SourceVersionDate "2014.11.20"]
[SourceQuality "1"]

1. d4 d5 2. c4 e5 3. dxe5 d4 4. a3 Nc6 5. Nf3 a5 6. e3 Bc5 7. Be2 Nge7 8. 0-0 0-0 9. Bd3 Bg4 10. Be2 Bxf3 11. Bxf3 Nxe5 12. Bxb7 Rb8 13. Ba6 c6 14. exd4 Qxd4 15. Qa4 Rb6 16. Qxa5 Ra8 17. Be3 Rbxa6 18. Bxd4 Rxa5 19. Bxe5 Bxf2+ 20. Rxf2 Rxe5 21. Nc3 Rb8 22. a4 Rc5 23. a5 Rxc4 24. a6 Ra8 25. Rd2 g6 26. a7 Kg7 27. Rd7 Nc8 28. Rd8 Rxa7 29. Rad1 Ne7 30. R1d4 Rxd4 31. Rxd4 Rb7 32. b4 Nd5 33. Nxd5 cxd5 34. Kf2 Kf6 35. Ke3 Ke5 36. h3 Ra7 37. b5 Rb7 38. Rb4 f5 39. g3 g5 40. h4 h6 41. hxg5 hxg5 42. g4 f4+ 43. Kf3 d4 44. b6 d3 45. Kf2 Kd5 46. Ke1 Kc5 47. Rb3 Kc4 48. Rb1 Kd4 49. Kd2 Kc4 50. Rc1+ Kd4 51. Rb1 Kc5 52. Kxd3 Rxb6 53. Rf1 Kd5 54. Ke2 Rb2+ 55. Kf3 Rb3+ 56. Ke2 Rg3 57. Rd1+ Ke4 58. Re1 Re3+ 59. Kf2 Rxe1 60. Kxe1 0-1